00393 2200157 4500001002100000008004100021035002000062245001800082100004000100260003500140300002000175020000600195082001100201650001000212990001300222INLIS000000000001161 ind  a0010-0423001161 aTAMAN - SURGA aMB. RAHIMSYAH A.R. DAN EMA WARDHANA aSURABAYAbCAHAYA PELANGIc2010 a32 hlm.c20 cm. a- a741.59 aKOMIK a102775-1